00437 2200181 4500001002100000005001500021008004100036020002200077035001900099041000700118082000800125090001400133100001900147245002400166260003700190300001800227650001000245INLIS00000000002049220241224115912241224||||||||| | ||| |||| || |  a978-979-613-173-0 0010-1224020492 aid0 a813 a813 HID r0 aTaufik Hidayat00aRajawali Yang jujur aJakartabCita Putra Bangsac2008 a32hlm;21x19cm 0afiksi